000 00903nam a2200265 i 4500
001 12432
003 KOSZ 005
005 20200722134607.0
008 070620s1969 pl f 001 0 pol
015 _aPB 1970/3927
040 _aWA N
_cKOSZ 005/RW
_dKOSZ 005/RW
080 _a53:122/129
100 1 _aGawecki, Bolesław Józef
_d(1889-1984)
_eAutor
245 1 0 _aZagadnienie przyczynowości w fizyce /
_cBolesław Józef Gawecki.
260 _aWarszawa :
_b"Pax",
_c1969.
300 _a199, [1] s. ;
_c18 cm.
380 _aKsiążki.
504 _aBibliogr. s. 189-[196]. Indeks.
650 4 _aFizyka
_xfilozofia.
650 4 _aPrzyczynowość
650 4 _aFilozofia przyrody
710 2 _aInstytut Wydawniczy "Pax"
_4pbl.
856 _uhttp://koha.tu.koszalin.pl/cgi-bin/koha/opac-detail.pl?biblionumber=12432
_yKatalog online BPK
942 _2UKD
_cKS
999 _c12432
_d12432